| 000 | 00832nam a22002057a 4500 | ||
|---|---|---|---|
| 005 | 20200104041631.0 | ||
| 008 | 141217b xxu||||| |||| 00| 0 spa d | ||
| 040 | _cCO-BoIH | ||
| 041 | _aspa | ||
| 044 | _ack | ||
| 090 |
_aEA _b00209 |
||
| 245 | _aEspacios de concertación y gestión para la protección de las áreas naturales | ||
| 260 |
_a[Sin lugar de publicación] _bCorporación Autónoma Regional de Caldas-CORPOCALDAS _bFundación Cerro Bravo _bSistema Departamental de Áreas Protegidas de Caldas-SIDAP Caldas _c[Sin fecha de publicación] |
||
| 300 |
_a19 pag _bFot (col). _c23 cm. |
||
| 650 |
_aConservación de los recursos naturales _930602 |
||
| 650 |
_aProtección del medio ambiente _9271 |
||
| 650 | 6 |
_aConservación de la vida silvestre. _9158 |
|
| 650 |
_aÁreas naturales protegidas _930388 |
||
| 942 |
_2z _cLIBRO |
||
| 999 |
_c8894 _d8894 |
||